000 00251nam a2200109Ia 4500
008 200302s9999 xx 000 0 und d
100 _aWalter Foster
245 _aHow To Draw
260 _bWalter T. Foster Publication
260 _c1920
300 _a40 P.,
999 _c558
_d558